| 000 | 00606nam a22002057a 4500 | ||
|---|---|---|---|
| 003 | DO-SdBNP | ||
| 005 | 20221101094119.0 | ||
| 007 | ta | ||
| 008 | 221101b2015 dr ac||| |||| 00| 0 spa d | ||
| 040 |
_aDO-SdBNP _bspa _cBNPHU |
||
| 082 | 4 | _222 | |
| 111 | _964568 | ||
| 245 | 1 | 0 | _aXXV concurso de arte Eduardo León Jimenes. |
| 246 | _aVeinticinco concurso de arte Eduardo León Jimenes | ||
| 260 |
_aSantiago de los Caballeros, República Dominicana : _bCentro León, _c2015. |
||
| 300 |
_a163 p. : _bil., retrs. ; _c31 cm. |
||
| 590 | _aInventariado, 2022/BT | ||
| 910 | _aBtavárez | ||
| 942 |
_2ddc _cLBS1 |
||
| 999 |
_c52695 _d52695 |
||